000 01494cam a2200349 a 4500
001 10754
003 BD-RjUL
005 20211208235017.0
008 140125r19811981ne a b 101 0 eng
020 _a0444419551
035 _a(BD-RjUL)10803
035 _a(BD-RjUL)
040 _aDLC
_beng
_cDLC
_d(BD-RjUL)
_dLC
041 _aeng
082 0 0 _a541.37
_219
_bPRO 1981
111 2 _aAustralian Electrochemistry Conference
_d1980 :
_cPerth, W.A.)
_989204
245 1 0 _aProgress in electrochemistry :
_bproceedings of the fifth Australian Electrochemistry Conference : Perth, Western Australia, 18-22 August, 1980 /
_cedited by D.A.J. Rand, G.P. Power, I.M. Ritchie.
260 _aAmsterdam ;
_aNew York :
_bElsevier Scientific Pub. Co. ,
_c1981.
300 _ax, 470 p. :
_bill. ;
_c25cm.
500 _a"Reprinted from Journal of electroanalytical chemistry and interfacial biochemistry, vol. 118, 1981."
500 _aIncludes index.
504 _aIncludes bibliographical references and indexes.
650 0 _aElectrochemistry
_xCongresses.
_933260
700 1 _aRand, D. A. J.
_q(David Anthony James),
_d1942-
_933261
700 1 _aRitchie, I. M.
_q(Ian Mackay),
_d1936-
_933262
700 1 _aPower, G. P.
_q(Gregory Philip),
_d1948-
_933263
730 0 _aJournal of electroanalytical chemistry and interfacial electrochemistry.
_989206
942 _2ddc
_cBK
999 _c10754
_d10754